000
00283nam a22001217a 4500
008
181030b xxu||||| |||| 00| 0 eng d
041
_a
eng
080
_a
910
100
_a
45
101
_a
Art
245
_a
The Hary Leteracy The Art History Of Leters
_c
JAN.A
942
_2
udc
_c
BK
999
_c
51083
_d
51083